Rethinking International Trade

Saved in:
Bibliographic Details
Main Author: Krugman, Paul R.
Format: Book
Language:English
Published: Cambridge The MIT Press 1994
Edition:1. ed., 4. print.
Subjects:
Tags: Add Tag
No Tags, Be the first to tag this record!

MARC

LEADER 00000nam a2200000 4500
001 c014783
005 20221214074742.0
020 |a 0-262-61095-7 
041 0 |a eng 
044 |a US 
245 1 0 |a Rethinking International Trade  |c Paul R. Krugman 
250 |a 1. ed., 4. print. 
264 1 |a Cambridge  |b The MIT Press  |c 1994 
300 |a 282 s. 
610 2 0 |a obchod medzinárodný 
610 2 0 |a konkurencia 
610 2 0 |a konkurencia medzinárodná 
610 2 0 |a kongresy 
100 1 |a Krugman, Paul R.